000 02982nam0a2200433 4500
001 RU\NLR\bibl\1153295
005 20260407171218.0
010 _a5-88736-006-2
_9150
035 _a(nilc)RSL-KNO-003021155
035 _a(NLR Aleph) 001140081
090 _a1412122
_c1412122
100 _a20070117d2006 |||y0rusy50 ca
101 0 _arus
102 _aRU
105 _ay |||||||||
106 _ar
200 1 _aО Камчатской земле написано...
_eматериалы XXIII Крашенинниковских чтений, [20-21, 26 апреля, г. Елизово
_fнауч. ред. - И.В. Витер]
210 _aПетропавловск-Камчатский
_cКамчатская областная научная библиотека
_d2006
215 _a284 с.
_d29
300 _aВ надзаг.: Упр. культуры Администрации Камчат. обл., Камчат. обл. науч. б-ка им. С.П. Крашенинникова, Администрация Елиз. район. муницип. образования, Центр. б-ка Елиз. централиз. библ. системы
300 _aПосвящается 295-летию со дня рождения С.П. Крашенинникова
320 _aБиблиогр. в конце докл.
607 _aКамчатская область
_jСъезды, совещания и т.п.
_xИстория
_91030138
_3RU\NLR\auth\6677321
607 _aКамчатка, полуостров (Северо-Восток Азиатской части РФ)
_jСъезды, совещания и т.п.
_xОткрытие и исследования
_xИстория
_92243238
_3RU\NLR\auth\661345932
610 0 _aНауки о Земле -- Региональный раздел наук о Земле -- Российская Федерация -- Камчатская область -- Страноведческая характеристика -- Материалы конференции
610 0 _aИстория. Исторические науки -- Российская Федерация -- Камчатская область -- Материалы конференции -- Российская Федерация
686 _aД9(2Р55-4Камч)0я431(2)
_2rubbk
686 _aТ3(2Р-4Камч)я431(2Р)
_2rubbk
686 _aТ3(2Р-4Камч)я431
686 _aД890(2Р55-4Камч)02я431
702 1 _4340
_8rus
_7ca
_aВитер
_bИ. В.
_gИрина Васильевна
_3RU\NLR\auth\7722427
_95485
702 1 _aКрашененников
_bС. П.
_f1711-
_gСтепан Петрович
_4570
711 1 2 _aКрашенинниковские чтения
_d23
_f2006
_eПетропавловск-Камчатский
_3RU\NLR\AUTH\8810107424
_9715034
801 0 _aRU
_bРКП
_c20070117
_grcr
801 1 _aRU
_bРГБ
_c20070117
801 2 _aRU
_bNLR
_c20071113
_grcr
942 _cBOOK
980 _aNB